Countries, US States, Capitals, Elements, 100 Most Common Words: A + B + xy = C #2 - Statistics

General Stats
  • This quiz has been taken 48 times
  • The average score is 29 of 45
Answer Stats
ANSWER % Correct
All
100%
But
100%
One
100%
Two
100%
And
97%
Him
97%
Its
94%
Oman
94%
Copper
92%
Iran
92%
Juba
92%
Niger
92%
Our
92%
Cairo
89%
Argon
86%
Israel
86%
Utah
83%
Utah
83%
b
58%
Baton Rouge
58%
s
58%
Bridgetown
56%
c
56%
Chromium
56%
d
56%
k
56%
o
56%
e
50%
j
50%
Kathmandu
50%
Ljubljana
50%
m
50%
m
50%
Minnesota
44%
n
44%
t
44%
e
36%
r
36%
South Africa
36%
e
33%
f
33%
n
33%
Port-au-Prince
33%
Sierra Leone
33%
u
33%
No matching quizzes found
Score Distribution
Percent of People with Each Score
Percentile by Number Answered
Your Score History
You have not taken this quiz